000 01299cam a22003254a 4500
999 _c10767
_d10767
001 12384437
003 OSt
005 20191221120943.0
008 010419s2002 maua b 001 0 eng
010 _a 2001035375
020 _a0631225161 (hardback)
020 _a9780631225256
020 _a0631225250 (pb.)
040 _aDLC
_coclc
_dDLC
042 _apcc
082 0 0 _a338.5024658
_221
_bPNG/M
100 _aPng, Ivan
_9654
245 1 0 _aManagerial Economics /
_cIvan Png
250 _a2nd ed.
260 _aMalden, MA :
_bBlackwell Publishers,
_c2002.
300 _a569 p
504 _aIncludes bibliographical references and indexes.
650 0 _aManagerial economics.
856 4 2 _3Contributor biographical information
_uhttp://www.loc.gov/catdir/enhancements/fy0805/2001035375-b.html
856 4 2 _3Publisher description
_uhttp://www.loc.gov/catdir/enhancements/fy0805/2001035375-d.html
856 4 1 _3Table of contents only
_uhttp://www.loc.gov/catdir/enhancements/fy0805/2001035375-t.html
906 _a7
_bcbc
_corignew
_d1
_eocip
_f20
_gy-gencatlg
942 _2ddc
_cBK
_h338.5024658
_iPNG/M
_k338.5024658
_mPNG/M